Πλάτωνος Φαίδων ; Πλάτωνος Κρίτων ; Πλάτωνος απολογία Σωκράτους : αρχαίον κείμενον
Αποθηκεύτηκε σε:
| Κύριος συγγραφέας: | |
|---|---|
| Άλλοι συγγραφείς: | , , |
| Μορφή: | Βιβλίο |
| Γλώσσα: | Greek Ancient Greek |
| Δημοσίευση: |
Αθήναι :
Ζαχαρόπουλος, Ι. & Π.,
1939
|
| Σειρά: | Βιβλιοθήκη αρχαίων Ελλήνων πεζογράφων και ποιητών
|
| Θέματα: | |
| Ετικέτες: |
Προσθήκη ετικέτας
Δεν υπάρχουν, Καταχωρήστε ετικέτα πρώτοι!
|
MARC
| LEADER | 00000cam a2200000 i 4500 | ||
|---|---|---|---|
| 001 | 1/99096 | ||
| 008 | 081210s1939 gre d | ||
| 035 | |l 10102331 | ||
| 040 | |a GR-MY-UA |b gre |e aacr | ||
| 041 | 0 | |a gre |a grc | |
| 082 | 0 | |a 184 |2 (22) | |
| 100 | 0 | |a Πλάτων, |d 428 ή 7-348 ή 7 π.Χ. | |
| 245 | 1 | 0 | |a Πλάτωνος Φαίδων ; Πλάτωνος Κρίτων ; Πλάτωνος απολογία Σωκράτους : |b αρχαίον κείμενον / |c εισαγωγή - μετάφρασις - σημειώσεις Ευάγ. Παπανούτσου, Κων. Αραπόπουλου, Κωνστ. Κουραβέλου |
| 260 | |a Αθήναι : |b Ζαχαρόπουλος, Ι. & Π., |c 1939 | ||
| 300 | |a [373] σ.; |c 20 εκ. | ||
| 490 | 1 | |a Βιβλιοθήκη αρχαίων Ελλήνων πεζογράφων και ποιητών | |
| 500 | |a Περιέχει αρχαίο κείμενο και νεοελληνική μετάφραση σε αντικριστές σελίδες | ||
| 500 | |a Το αντίτυπο της Ρόδου με αριθμό εισαγωγής 153449 είναι δεμένο με: Πλάτωνος Κρίτων αρχαίον κείμενον / Κων. Αραπόπουλου. - Πλάτωνος απολογία Σωκράτους αρχαίον κείμενον / Κωνστ. Κουραβέλου | ||
| 650 | 0 | 0 | |a Philosophy, Ancient. |
| 700 | 1 | |a Αραπόπουλος, Κ. Θ. |4 aui |4 ilu | |
| 700 | 1 | |a Κουραβέλος, Κώστας. |4 aui |4 ilu | |
| 700 | 1 | |4 aui |4 ilu |a Παπανούτσος, Ευάγγελος Π., |d 1900-1982. | |
| 740 | 0 | 2 | |a Πλάτωνος Κρίτων |
| 740 | 0 | 2 | |a Πλάτωνος απολογία Σωκράτους |
| 830 | 0 | |a Βιβλιοθήκη αρχαίων Ελλήνων πεζογράφων και ποιητών | |
| 852 | |a INST |b RHODES |c AKA |e 20081210 |h 184 ΠΛΑ |p 005400031615 |q 005400031615 |t BK |y 0 | ||
| 901 | |a BIBL4-2008-3 | ||
| 909 | |a Ρ |b 156672 | ||
| 970 | |a ΚΟΖΑ |b ΜΑΡΙΑ |z 2008/12/10 | ||